| 000 | 00718cam a22001697a 4500 | ||
|---|---|---|---|
| 020 | _a1845640217 (hbk.) | ||
| 082 | 0 | 4 |
_a721.0288 _bBRE |
| 245 | 1 | 0 |
_aStructural studies, repairs, and maintenance of heritage architecture IX / _cedited by C.A. Brebbia and A. Torpiano. |
| 260 |
_aSouthampton ; _aBoston : _bWIT, _cc2005. |
||
| 300 |
_a644 p. : _bill. ; _c24 cm. |
||
| 500 | _a"Ninth International Conference on Structural Studies, Repairs and Maintenance of Heritage Architecture ... held in Malta"--P. [4] of cover. | ||
| 526 |
_a0 _b0 _c0 _d721_028800000000000_BRE |
||
| 650 | 0 |
_aHistoric buildings _xMaintenance and repair _945322 |
|
| 700 | 1 |
_aBrebbia, C. A. _923437 |
|
| 700 | 1 |
_aTorpiano, A. _951477 |
|
| 942 |
_2ddc _cBK |
||
| 999 |
_c554154 _d554154 |
||